[Event "FIDE Open World Blitz 2021"]
[Site "Warsaw"]
[Date "2021.12.29"]
[Round "5.41"]
[White "Volokitin, Andrei"]
[Black "Abdusattorov, Nodirbek"]
[Result "0-1"]
[WhiteElo "2656"]
[BlackElo "2646"]
[Annotator "ChessBase"]
[PlyCount "54"]
[EventDate "2021.12.29"]
[EventType "swiss"]
[EventCountry "POL"]
[Tiebreak "Cut1 Buchholz"]
[SourceTitle "playchess.com"]
[Source "ChessBase"]
[SourceQuality "1"]

1. e4 e5 2. Nf3 Nc6 3. Bb5 a6 4. Ba4 Nf6 5. O-O Be7 6. Re1 b5 7. Bb3 d6 8. c3
Na5 9. Bc2 c5 10. d4 cxd4 11. cxd4 Bg4 12. Nbd2 Nc6 13. h3 Bh5 14. g4 Nxg4 15.
hxg4 Bxg4 16. Nb3 O-O 17. a3 Qe8 18. d5 Nb8 19. Qd3 f5 20. Nh2 fxe4 21. Qg3 Bf5
22. Bxe4 Nd7 23. Bxf5 Rxf5 24. Ng4 Kh8 25. Nd2 Qh5 26. Ne4 Nf6 27. Nexf6 gxf6
0-1

[Event "FIDE Open World Blitz 2021"]
[Site "Warsaw"]
[Date "2021.12.29"]
[Round "5.42"]
[White "Karjakin, Sergey"]
[Black "Chigaev, Maksim"]
[Result "0-1"]
[WhiteElo "2743"]
[BlackElo "2626"]
[Annotator "ChessBase"]
[PlyCount "100"]
[EventDate "2021.12.29"]
[EventType "swiss"]
[EventCountry "POL"]
[Tiebreak "Cut1 Buchholz"]
[SourceTitle "playchess.com"]
[Source "ChessBase"]
[SourceQuality "1"]

1. e4 e6 2. d4 d5 3. Nc3 Bb4 4. e5 Ne7 5. a3 Bxc3+ 6. bxc3 b6 7. Qg4 Ng6 8. h4
h5 9. Qg3 Ba6 10. Bxa6 Nxa6 11. Ne2 Qd7 12. a4 c5 13. Qd3 Nb8 14. a5 Qc6 15.
Bg5 Nd7 16. O-O cxd4 17. cxd4 b5 18. f4 Rc8 19. f5 exf5 20. Qxf5 Qe6 21. Qd3 a6
22. Ng3 Rc4 23. Nf5 O-O 24. Nd6 Ndxe5 25. dxe5 Nxe5 26. Qf5 Qxd6 27. Bf4 Qc5+
28. Kh1 Ng6 29. Bg3 Nxh4 30. Qxh5 Ng6 31. Qh2 Qc6 32. Rf3 Rxc2 33. Raf1 Rc1 34.
Qh5 Rxf1+ 35. Rxf1 Re8 36. Qf5 Qe6 37. Qc2 d4 38. Qc5 d3 39. Qd4 Qc4 40. Qd7
Rf8 41. Rf3 Qc1+ 42. Kh2 Qh6+ 43. Kg1 d2 44. Rd3 Nf4 45. Rxd2 Qg5 46. Kh2 Ne6
47. Rf2 Qh5+ 48. Kg1 Rd8 49. Qc6 Rd1+ 50. Rf1 Qc5+ 0-1

[Event "FIDE Open World Blitz 2021"]
[Site "Warsaw"]
[Date "2021.12.29"]
[Round "5.43"]
[White "Schneider, Ilja"]
[Black "Onyshchuk, Volodymyr"]
[Result "1-0"]
[WhiteElo "2486"]
[BlackElo "2622"]
[Annotator "ChessBase"]
[PlyCount "77"]
[EventDate "2021.12.29"]
[EventType "swiss"]
[EventCountry "POL"]
[Tiebreak "Cut1 Buchholz"]
[SourceTitle "playchess.com"]
[Source "ChessBase"]
[SourceQuality "1"]

1. d4 d6 2. e4 g6 3. Nc3 Bg7 4. Nf3 Nf6 5. Be2 O-O 6. O-O c6 7. Re1 Nbd7 8. e5
Ne8 9. exd6 Nxd6 10. Bf4 Nf6 11. h3 Re8 12. Qd2 Bf5 13. Rad1 Nd5 14. Be5 Qb6
15. Bxg7 Kxg7 16. b3 Qa5 17. Nxd5 Qxd2 18. Nxd2 cxd5 19. c4 a5 20. Bf3 dxc4 21.
bxc4 Rab8 22. c5 Nb5 23. Nc4 a4 24. g4 Bd7 25. Nb6 Bc6 26. d5 Nc3 27. dxc6 Nxd1
28. c7 Rbc8 29. Nxc8 Rxc8 30. Rxd1 Rxc7 31. Rc1 Kf6 32. Rc4 b5 33. Rc1 Ke5 34.
Kf1 Kd4 35. c6 e5 36. Rd1+ Kc3 37. Rd7 Rc8 38. c7 b4 39. Bb7 1-0

[Event "FIDE Open World Blitz 2021"]
[Site "Warsaw"]
[Date "2021.12.29"]
[Round "5.44"]
[White "Adly, Ahmed"]
[Black "Czarnota, Pawel"]
[Result "1-0"]
[WhiteElo "2602"]
[BlackElo "2502"]
[Annotator "ChessBase"]
[PlyCount "91"]
[EventDate "2021.12.29"]
[EventType "swiss"]
[EventCountry "POL"]
[Tiebreak "Cut1 Buchholz"]
[SourceTitle "playchess.com"]
[Source "ChessBase"]
[SourceQuality "1"]

1. d4 Nf6 2. Nf3 g6 3. Nc3 d5 4. Bf4 Bg7 5. Nb5 Na6 6. e3 c6 7. Na3 Nc7 8. h3
O-O 9. c4 dxc4 10. Nxc4 Ncd5 11. Bh2 b5 12. Nce5 Bb7 13. Be2 a6 14. O-O Rc8 15.
Rc1 Qb6 16. Nd3 Ne4 17. Nfe5 Rfd8 18. Bf3 Ndf6 19. b4 a5 20. a3 Nd6 21. Qb3 Nd5
22. Rfd1 axb4 23. axb4 e6 24. Nc5 Bf8 25. Ned7 Qc7 26. Nxf8 Kxf8 27. Ne4 Nb6
28. Bxd6+ Rxd6 29. Nxd6 Qxd6 30. Ra1 Na4 31. Rdc1 Kg8 32. Qa3 h5 33. Bd1 Nb6
34. Bb3 Ra8 35. Qb2 Qxb4 36. Rxa8+ Bxa8 37. Qa2 Bb7 38. Bxe6 fxe6 39. Qa7 Qd2
40. Rf1 Nd5 41. Qxb7 b4 42. Qxc6 Kf7 43. Qd7+ Kf6 44. Qd6 Nc3 45. Qf8+ Kg5 46.
Qf4# 1-0

[Event "FIDE Open World Blitz 2021"]
[Site "Warsaw"]
[Date "2021.12.29"]
[Round "5.45"]
[White "Tari, Aryan"]
[Black "Sargsyan, Shant"]
[Result "1-0"]
[WhiteElo "2649"]
[BlackElo "2628"]
[Annotator "ChessBase"]
[PlyCount "97"]
[EventDate "2021.12.29"]
[EventType "swiss"]
[EventCountry "POL"]
[Tiebreak "Cut1 Buchholz"]
[SourceTitle "playchess.com"]
[Source "ChessBase"]
[SourceQuality "1"]

1. e4 e5 2. Nf3 Nc6 3. Bb5 a6 4. Ba4 Nf6 5. Nc3 Bb4 6. O-O Bxc3 7. bxc3 O-O 8.
Bxc6 bxc6 9. d3 d6 10. h3 h6 11. c4 c5 12. Nh2 Nh7 13. f4 exf4 14. Bxf4 f5 15.
e5 g5 16. Bd2 Qe8 17. Bc3 Bb7 18. Rb1 Bc6 19. Re1 Qg6 20. exd6 cxd6 21. Re7 Rf7
22. Qe2 Rxe7 23. Qxe7 Re8 24. Qc7 Ba8 25. Rb8 Rf8 26. Rb6 g4 27. Rxd6 Qg5 28.
Rd7 Nf6 29. Bxf6 Qe3+ 30. Kf1 Qc1+ 31. Kf2 Qxc2+ 32. Kg3 Qxg2+ 33. Kf4 Qf2+ 34.
Ke5 Qxh2+ 35. Ke6 Re8+ 36. Kxf5 Qxc7 37. Rxc7 gxh3 38. Kg6 Bf3 39. Rg7+ Kf8 40.
Rf7+ Kg8 41. Rg7+ Kf8 42. Rh7 Bh5+ 43. Kxh5 Re2 44. Kg6 Rg2+ 45. Kf5 h2 46.
Rxh6 Rxa2 47. Ke6 Rg2 48. Rh8+ Rg8 49. Rxh2 1-0

[Event "FIDE Open World Blitz 2021"]
[Site "Warsaw"]
[Date "2021.12.29"]
[Round "5.46"]
[White "Donchenko, Alexander"]
[Black "Howell, David W L"]
[Result "1-0"]
[WhiteElo "2645"]
[BlackElo "2648"]
[Annotator "ChessBase"]
[PlyCount "57"]
[EventDate "2021.12.29"]
[EventType "swiss"]
[EventCountry "POL"]
[Tiebreak "Cut1 Buchholz"]
[SourceTitle "playchess.com"]
[Source "ChessBase"]
[SourceQuality "1"]

1. Nf3 d5 2. d4 Nf6 3. c4 c6 4. Qc2 dxc4 5. Qxc4 Bf5 6. g3 e6 7. Bg2 Be7 8. O-O
O-O 9. e3 Nbd7 10. Qe2 Qa5 11. Nc3 Ne4 12. Bd2 Nxd2 13. Nxd2 Rac8 14. Rfd1 Rfd8
15. Rac1 h6 16. a3 a6 17. Nc4 Qc7 18. b4 Qb8 19. h4 Bh7 20. h5 Nf6 21. Ne5 a5
22. bxa5 Bxa3 23. Ra1 Bb4 24. Qb2 c5 25. Nb5 Nxh5 26. dxc5 Nf6 27. Rxd8+ Rxd8
28. c6 Bd6 29. Nxd6 1-0

[Event "FIDE Open World Blitz 2021"]
[Site "Warsaw"]
[Date "2021.12.29"]
[Round "5.47"]
[White "Salem, A.R. Saleh"]
[Black "Kovalev, Vladislav"]
[Result "1-0"]
[WhiteElo "2690"]
[BlackElo "2634"]
[Annotator "ChessBase"]
[PlyCount "77"]
[EventDate "2021.12.29"]
[EventType "swiss"]
[EventCountry "POL"]
[Tiebreak "Cut1 Buchholz"]
[SourceTitle "playchess.com"]
[Source "ChessBase"]
[SourceQuality "1"]

1. d4 Nf6 2. c4 g6 3. Nc3 Bg7 4. e4 d6 5. h3 O-O 6. Be3 c5 7. d5 e6 8. Nf3 exd5
9. exd5 Re8 10. Bd3 a6 11. O-O Nbd7 12. Bf4 Nh5 13. Bg5 Bf6 14. Be3 Ne5 15. Be2
Nxf3+ 16. Bxf3 Ng7 17. Bg4 Nf5 18. Bxf5 Bxf5 19. Qd2 h5 20. Rfe1 Qd7 21. a4 Bh8
22. Bf4 Bf6 23. a5 Bg7 24. b3 Bf8 25. Na4 Rxe1+ 26. Rxe1 Re8 27. Bg5 Rxe1+ 28.
Qxe1 Bc2 29. Nb6 Qf5 30. Be7 Bxb3 31. Bxf8 Kxf8 32. Qc3 Bc2 33. Qh8+ Ke7 34.
Nc8+ Kd7 35. Nb6+ Ke7 36. Nc8+ Kd7 37. Qf8 Kc7 38. Nb6 Bd3 39. Qe7+ 1-0

[Event "FIDE Open World Blitz 2021"]
[Site "Warsaw"]
[Date "2021.12.29"]
[Round "5.48"]
[White "Gukesh D"]
[Black "Timofeev, Artyom"]
[Result "0-1"]
[WhiteElo "2621"]
[BlackElo "2586"]
[Annotator "ChessBase"]
[PlyCount "119"]
[EventDate "2021.12.29"]
[EventType "swiss"]
[EventCountry "POL"]
[Tiebreak "Cut1 Buchholz"]
[SourceTitle "playchess.com"]
[Source "ChessBase"]
[SourceQuality "1"]

1. d4 d5 2. c4 dxc4 3. e3 Nf6 4. Bxc4 e6 5. Nf3 c5 6. O-O a6 7. Re1 Nc6 8. Nc3
Be7 9. dxc5 Qxd1 10. Rxd1 Bxc5 11. Bd2 Ke7 12. Rac1 Bd6 13. Be2 Bd7 14. Na4
Rad8 15. Be1 Nd5 16. Nc5 Bxc5 17. Rxc5 Rc8 18. e4 Nf4 19. Bf1 Rhd8 20. h4 Be8
21. Bd2 Ng6 22. h5 Nf8 23. h6 gxh6 24. Rdc1 Nd7 25. Rh5 Nf6 26. Rh4 Ng8 27. Be3
f6 28. Bb6 Rd7 29. b4 Bg6 30. a4 Kf7 31. e5 Nce7 32. Re1 f5 33. b5 axb5 34.
Bxb5 Rd5 35. Rb4 Nc6 36. Rb2 Nge7 37. Bc4 Rd7 38. Ba2 Nd5 39. Bc5 Nc3 40. Rc2
Nxa2 41. Rxa2 Na5 42. Bb4 Nc4 43. Rc2 f4 44. Rc3 Rd3 45. Rxd3 Bxd3 46. Rd1 Nb2
47. Re1 Nxa4 48. Nh2 Bf5 49. Nf3 Nb6 50. Bd2 Nd5 51. Nd4 Kg6 52. Ra1 Rc4 53.
Nf3 Rc2 54. Ra8 Be4 55. Nh4+ Kh5 56. Be1 Kxh4 57. f3+ Kh5 58. fxe4 Ne3 59. Rg8
b5 60. Bb4 0-1

[Event "FIDE Open World Blitz 2021"]
[Site "Warsaw"]
[Date "2021.12.29"]
[Round "5.49"]
[White "Holm, Kristian Stuvik"]
[Black "Predke, Alexandr"]
[Result "0-1"]
[WhiteElo "2471"]
[BlackElo "2627"]
[Annotator "ChessBase"]
[PlyCount "50"]
[EventDate "2021.12.29"]
[EventType "swiss"]
[EventCountry "POL"]
[Tiebreak "Cut1 Buchholz"]
[SourceTitle "playchess.com"]
[Source "ChessBase"]
[SourceQuality "1"]

1. Nf3 d5 2. d4 Nf6 3. c4 e6 4. Nc3 Bb4 5. Qa4+ Nc6 6. e3 Bd7 7. Qc2 O-O 8. Bd2
dxc4 9. Bxc4 Bd6 10. h3 e5 11. dxe5 Nxe5 12. Nxe5 Bxe5 13. f4 Bd6 14. O-O-O b5
15. Nxb5 Bxb5 16. Bxb5 Rb8 17. Bd3 Nd5 18. Bxh7+ Kh8 19. Bd3 Qe7 20. Rde1 Rxb2
21. Kxb2 Ba3+ 22. Ka1 Qf6+ 23. Bc3 Nxc3 24. e4 Nxe4+ 25. Kb1 Rb8+ 0-1

[Event "FIDE Open World Blitz 2021"]
[Site "Warsaw"]
[Date "2021.12.29"]
[Round "5.50"]
[White "Peng, Li Min"]
[Black "Vokhidov, Shamsiddin"]
[Result "0-1"]
[WhiteElo "2412"]
[BlackElo "2613"]
[Annotator "ChessBase"]
[PlyCount "40"]
[EventDate "2021.12.29"]
[EventType "swiss"]
[EventCountry "POL"]
[Tiebreak "Cut1 Buchholz"]
[SourceTitle "playchess.com"]
[Source "ChessBase"]
[SourceQuality "1"]

1. Nf3 d5 2. c4 d4 3. b4 f6 4. e3 e5 5. c5 a5 6. Qa4+ Bd7 7. b5 Bxc5 8. Bc4 Ne7
9. exd4 exd4 10. O-O Bg4 11. Ba3 Nd7 12. d3 Bxf3 13. gxf3 Nb6 14. Qc2 Bxa3 15.
Nxa3 Qd6 16. Qb3 a4 17. Qb2 O-O-O 18. Rfe1 Ng6 19. Re6 Nxc4 20. Qe2 Qxa3 0-1

[Event "FIDE Open World Blitz 2021"]
[Site "Warsaw"]
[Date "2021.12.29"]
[Round "5.51"]
[White "Bluebaum, Matthias"]
[Black "Piorun, Kacper"]
[Result "0-1"]
[WhiteElo "2609"]
[BlackElo "2634"]
[Annotator "ChessBase"]
[PlyCount "76"]
[EventDate "2021.12.29"]
[EventType "swiss"]
[EventCountry "POL"]
[Tiebreak "Cut1 Buchholz"]
[SourceTitle "playchess.com"]
[Source "ChessBase"]
[SourceQuality "1"]

1. d4 Nf6 2. c4 g6 3. Nc3 Bg7 4. e4 O-O 5. Nf3 d6 6. Be2 e5 7. Be3 c6 8. d5 c5
9. Nd2 Kh8 10. g4 Ng8 11. h4 f5 12. gxf5 gxf5 13. exf5 Bh6 14. Nde4 Bxe3 15.
fxe3 Bxf5 16. Ng5 Na6 17. Bg4 Qd7 18. Ne6 Bxg4 19. Qxg4 Nc7 20. Rg1 Nf6 21. Qg5
Rf7 22. Qh6 Nxe6 23. dxe6 Qxe6 24. Ne4 Qe7 25. Ng5 Rg7 26. O-O-O Rg6 27. Qxg6
hxg6 28. Rxd6 Nh7 29. Re6 Qg7 30. Ne4 Rg8 31. h5 Qf7 32. Ng5 Nxg5 33. Rd6 Qxc4+
34. Kb1 Ne4 35. Rd7 Rg7 36. Rd8+ Kh7 37. hxg6+ Rxg6 38. Rh1+ Kg7 0-1

[Event "FIDE Open World Blitz 2021"]
[Site "Warsaw"]
[Date "2021.12.29"]
[Round "5.52"]
[White "Indjic, Aleksandar"]
[Black "Janik, Igor"]
[Result "1-0"]
[WhiteElo "2603"]
[BlackElo "2508"]
[Annotator "ChessBase"]
[PlyCount "55"]
[EventDate "2021.12.29"]
[EventType "swiss"]
[EventCountry "POL"]
[Tiebreak "Cut1 Buchholz"]
[SourceTitle "playchess.com"]
[Source "ChessBase"]
[SourceQuality "1"]

1. c4 e6 2. g3 d5 3. Bg2 a6 4. b3 Nf6 5. Nf3 Be7 6. O-O O-O 7. Bb2 c5 8. cxd5
Nxd5 9. d4 Bf6 10. e4 Nb6 11. e5 Be7 12. Qe2 Bd7 13. Rd1 Bb5 14. Qe1 N6d7 15.
Nc3 Bc6 16. d5 exd5 17. Nxd5 Bxd5 18. Rxd5 Qc8 19. e6 Nf6 20. exf7+ Rxf7 21.
Ng5 Nc6 22. Nxf7 Kxf7 23. Rd3 Nb4 24. Re3 Qc7 25. Qe2 Bf8 26. Qc4+ Kg6 27. Re6
Rd8 28. Be4+ 1-0

[Event "FIDE Open World Blitz 2021"]
[Site "Warsaw"]
[Date "2021.12.29"]
[Round "6.1"]
[White "Carlsen, Magnus"]
[Black "Fedoseev, Vladimir"]
[Result "0-1"]
[WhiteElo "2855"]
[BlackElo "2704"]
[Annotator "TA"]
[PlyCount "104"]
[EventDate "2021.12.29"]
[EventType "swiss"]
[EventCountry "POL"]
[Tiebreak "Cut1 Buchholz"]
[SourceTitle "playchess.com"]
[Source "ChessBase"]
[SourceQuality "1"]

1. d4 Nf6 2. c4 e6 3. Nf3 h6 4. g3 Bb4+ 5. Nbd2 d5 6. Qa4+ Nc6 7. a3 Bxd2+ 8.
Bxd2 O-O 9. Bg2 Ne4 10. Bf4 Qd7 11. Qc2 b6 12. O-O Bb7 13. Rac1 a5 14. cxd5
exd5 15. Qa4 Rac8 16. Rc2 g5 17. Bd2 Ne5 18. Qxd7 Nxd7 19. Rfc1 c6 20. Ne1 c5
21. f3 Nxd2 22. Rxd2 c4 23. e4 Nf6 24. e5 Ne8 25. Nc2 Ng7 26. Ne3 b5 27. f4
Rfd8 28. f5 h5 29. h4 g4 30. Rf2 b4 31. f6 Ne6 32. Nf5 Kf8 33. Ne7 Rc7 34. axb4
axb4 35. Rd1 Rxe7 36. fxe7+ Kxe7 37. Bf1 Ra8 38. Rfd2 Bc6 39. Kf2 Ra2 40. Ke3
Ba4 41. Rc1 Bb3 42. Bg2 Nc7 43. Kf4 Ne6+ 44. Kf5 c3 45. Rf2 Rxb2 46. Rcf1 Bc2+
47. Rxc2 Rxc2 48. Bxd5 Rd2 49. Ra1 c2 50. Ra7+ Kd8 51. Rxf7 Nxd4+ 52. Kf6 Rf2+
0-1

[Event "FIDE Open World Blitz 2021"]
[Site "Warsaw"]
[Date "2021.12.29"]
[Round "6.1"]
[White "Szpar, Milosz"]
[Black "Van Foreest, Jorden"]
[Result "0-1"]
[WhiteElo "2285"]
[BlackElo "2566"]
[Annotator "ChessBase"]
[PlyCount "152"]
[EventDate "2021.12.29"]
[EventType "swiss"]
[EventCountry "POL"]
[Tiebreak "Cut1 Buchholz"]
[SourceTitle "playchess.com"]
[Source "ChessBase"]
[SourceQuality "1"]

1. e4 c6 2. d4 d5 3. Nc3 dxe4 4. Nxe4 Nf6 5. Qd3 g6 6. Nxf6+ exf6 7. Nf3 Be6 8.
Be2 Bg7 9. O-O O-O 10. b3 Re8 11. Bb2 a5 12. Rfe1 a4 13. c4 Nd7 14. h3 Bf5 15.
Qc3 Be4 16. Qb4 a3 17. Bxa3 f5 18. Rad1 Bf8 19. c5 Qa5 20. Qxa5 Rxa5 21. Bb4
Rxa2 22. Nd2 Bd5 23. Bc4 Rxe1+ 24. Rxe1 Nf6 25. Bf1 Ne4 26. Nxe4 fxe4 27. Bc4
Rb2 28. Ba3 Rd2 29. Bc1 Ra2 30. f3 exf3 31. gxf3 Bxc4 32. bxc4 f5 33. Bf4 Rc2
34. Rb1 Bg7 35. d5 Rxc4 36. dxc6 Bd4+ 37. Kf1 bxc6 38. Rb8+ Kf7 39. Rb7+ Ke6
40. Rc7 Bxc5 41. Bg3 Be7 42. Ke2 h5 43. Kd3 Rc1 44. Bf4 Rc5 45. Be3 Rd5+ 46.
Kc4 Re5 47. Bd4 Re2 48. Rxc6+ Kf7 49. Kd5 Rd2 50. Rc7 Rd3 51. Rb7 Ke8 52. Ke6
Rxd4 53. Rxe7+ Kf8 54. Ra7 Rb4 55. Kf6 Rb6+ 56. Kg5 Kg8 57. h4 Re6 58. Rb7 Kf8
59. Ra7 Rd6 60. Rb7 Rd3 61. Kf6 Ke8 62. Kxg6 Rxf3 63. Kxh5 Rg3 64. Kh6 f4 65.
Rb1 Kf7 66. h5 f3 67. Rf1 Kf6 68. Kh7 Rh3 69. h6 Kf7 70. Rf2 Rg3 71. Rf1 Kf6
72. Rf2 Kf5 73. Kh8 Kg6 74. Rh2 Rg2 75. Rh1 Re2 76. Rg1+ Kxh6 0-1

[Event "FIDE Open World Blitz 2021"]
[Site "Warsaw"]
[Date "2021.12.29"]
[Round "6.2"]
[White "Mamedyarov, Shakhriyar"]
[Black "Socko, Bartosz"]
[Result "1-0"]
[WhiteElo "2765"]
[BlackElo "2571"]
[Annotator "ChessBase"]
[PlyCount "121"]
[EventDate "2021.12.29"]
[EventType "swiss"]
[EventCountry "POL"]
[Tiebreak "Cut1 Buchholz"]
[SourceTitle "playchess.com"]
[Source "ChessBase"]
[SourceQuality "1"]

1. d4 e6 2. c4 b6 3. a3 Bb7 4. Nc3 Nf6 5. d5 Bd6 6. g3 O-O 7. Bg2 Be5 8. Bd2 c6
9. dxe6 dxe6 10. Nf3 Bxc3 11. Bxc3 Ne4 12. Qc2 Nxc3 13. Qxc3 c5 14. O-O Nc6 15.
Rad1 Qe7 16. Rd2 Rfd8 17. Rfd1 Rxd2 18. Rxd2 Rd8 19. h4 h6 20. b4 Rxd2 21. Nxd2
Nd4 22. Qd3 Bxg2 23. Kxg2 e5 24. e3 Qb7+ 25. f3 Ne6 26. b5 a6 27. a4 axb5 28.
cxb5 Qa7 29. Qc2 Nc7 30. Nc4 Nd5 31. Qd2 Nf6 32. Qd1 e4 33. f4 h5 34. Kf2 Qc7
35. Kg2 Ng4 36. Qd5 Qa7 37. a5 bxa5 38. b6 Nxe3+ 39. Nxe3 Qxb6 40. Qa8+ Kh7 41.
Qxe4+ g6 42. Qd5 Kg8 43. Nc4 Qb5 44. Qxf7+ Kxf7 45. Nd6+ Ke6 46. Nxb5 Kd5 47.
g4 hxg4 48. Kg3 c4 49. Kxg4 Kc5 50. Na3 c3 51. f5 gxf5+ 52. Kf3 Kd4 53. Kf4 Kd3
54. h5 c2 55. Nxc2 Kxc2 56. h6 a4 57. h7 a3 58. h8=Q Kb1 59. Qb8+ Kc2 60. Qa7
Kb2 61. Qb6+ 1-0

[Event "FIDE Open World Blitz 2021"]
[Site "Warsaw"]
[Date "2021.12.29"]
[Round "6.2"]
[White "Sargsyan, Shant"]
[Black "Wojtaszek, Radoslaw"]
[Result "1/2-1/2"]
[WhiteElo "2628"]
[BlackElo "2700"]
[Annotator "ChessBase"]
[PlyCount "148"]
[EventDate "2021.12.29"]
[EventType "swiss"]
[EventCountry "POL"]
[Tiebreak "Cut1 Buchholz"]
[SourceTitle "playchess.com"]
[Source "ChessBase"]
[SourceQuality "1"]

1. d4 Nf6 2. c4 e6 3. Nf3 d5 4. Nc3 Nbd7 5. cxd5 exd5 6. Bg5 c6 7. e3 h6 8. Bh4
Be7 9. Bd3 Nh5 10. Bxe7 Qxe7 11. Qc2 Nf4 12. Bf1 Ne6 13. O-O-O Ng5 14. Nd2 Nb6
15. h4 Ne6 16. Kb1 Bd7 17. Bd3 O-O-O 18. Ka1 Kb8 19. Rb1 c5 20. dxc5 Qxc5 21.
Nb3 Qc7 22. Rhc1 Rc8 23. Qd2 Qd6 24. Ne2 Rxc1 25. Rxc1 Rc8 26. Rxc8+ Bxc8 27.
g3 Nd7 28. Ned4 Ndc5 29. Nxc5 Qxc5 30. Nb3 Qc6 31. a3 Qb6 32. Qc3 Qd6 33. Bf5
Qc7 34. Qb4 Qb6 35. Qxb6 axb6 36. Bxe6 fxe6 37. f4 Kc7 38. Nd4 Kd6 39. Nf3 d4
40. e4 Kc5 41. Kb1 Bd7 42. Kc2 Ba4+ 43. b3 Bc6 44. Nd2 Bb5 45. Nf3 Be2 46. Ne5
Bf1 47. Nd3+ Kd6 48. Kd2 Bg2 49. Nf2 Kc5 50. g4 g6 51. g5 hxg5 52. fxg5 Kd6 53.
Kd3 e5 54. Ke2 Ke6 55. Kd2 Bf3 56. Kd3 Bg2 57. Kd2 b5 58. b4 Bf1 59. Nh1 Bg2
60. Ng3 Bf3 61. Kd3 Kf7 62. Nf1 b6 63. Nd2 Bd1 64. Nf1 Ke6 65. Nh2 Kf7 66. Kd2
Bh5 67. Ke1 Ke6 68. Kd2 Kf7 69. Nf1 Ke6 70. Ng3 Bf3 71. Kd3 Kf7 72. Nf1 Ke6 73.
Nd2 Bd1 74. Nf1 Bf3 1/2-1/2

[Event "FIDE Open World Blitz 2021"]
[Site "Warsaw"]
[Date "2021.12.29"]
[Round "6.3"]
[White "Sindarov, Javokhir"]
[Black "Grischuk, Alexander"]
[Result "1/2-1/2"]
[WhiteElo "2587"]
[BlackElo "2773"]
[Annotator "TA"]
[PlyCount "98"]
[EventDate "2021.12.29"]
[EventType "swiss"]
[EventCountry "POL"]
[Tiebreak "Cut1 Buchholz"]
[SourceTitle "playchess.com"]
[Source "ChessBase"]
[SourceQuality "1"]

1. e4 e6 2. d3 c5 3. Nf3 Nc6 4. g3 Nge7 5. Bg2 g6 6. h4 h6 7. c3 Bg7 8. Na3 e5
9. h5 g5 10. Nh2 d6 11. g4 Be6 12. Qe2 Qd7 13. Nc4 d5 14. Ne3 d4 15. Nf5 Bf8
16. O-O O-O-O 17. c4 Kc7 18. Bd2 Nc8 19. Rfb1 Nb6 20. Nf1 Ra8 21. a3 a5 22. b3
f6 23. N1g3 Rh7 24. Qe1 Qc8 25. Nf1 Rd7 26. Nh2 Qe8 27. Qc1 Rdd8 28. Qc2 Ra6
29. Nf3 Rda8 30. Ne1 R8a7 31. Qd1 Ra8 32. Nc2 R8a7 33. Rb2 Ra8 34. Rab1 R6a7
35. Qe1 Qc8 36. Bf3 Qd7 37. b4 axb4 38. axb4 Na4 39. b5 Nxb2 40. Rxb2 Ra2 41.
bxc6 Qxc6 42. Rxa2 Rxa2 43. Qc1 Qa4 44. Bd1 Qa6 45. Qb1 Bd7 46. Qb3 Qa4 47. Qb1
Qa6 48. Qb3 Qa4 49. Qb1 b5 1/2-1/2

[Event "FIDE Open World Blitz 2021"]
[Site "Warsaw"]
[Date "2021.12.29"]
[Round "6.3"]
[White "Ghaem Maghami, Ehsan"]
[Black "Vakhidov, Jakhongir"]
[Result "1-0"]
[WhiteElo "2520"]
[BlackElo "2557"]
[Annotator "ChessBase"]
[PlyCount "99"]
[EventDate "2021.12.29"]
[EventType "swiss"]
[EventCountry "POL"]
[Tiebreak "Cut1 Buchholz"]
[SourceTitle "playchess.com"]
[Source "ChessBase"]
[SourceQuality "1"]

1. d4 Nf6 2. Nf3 g6 3. c4 Bg7 4. g3 O-O 5. Bg2 d6 6. O-O Nc6 7. Nc3 e5 8. dxe5
Nxe5 9. Nxe5 dxe5 10. Qxd8 Rxd8 11. Bg5 Rd7 12. Rad1 c6 13. h3 h6 14. Be3 Rxd1
15. Rxd1 Be6 16. b3 Bf8 17. g4 a5 18. Na4 h5 19. Nb6 Re8 20. g5 Nh7 21. h4 Bb4
22. Nd7 Bf5 23. Bc5 Bc2 24. Rc1 Bf5 25. Bxb4 axb4 26. Nc5 Ra8 27. e4 Bg4 28. f3
b6 29. Nd3 Be6 30. Rc2 c5 31. Nxe5 Rd8 32. f4 Kg7 33. Rf2 f6 34. Nxg6 Kxg6 35.
f5+ Bxf5 36. exf5+ Kg7 37. g6 Nf8 38. Re2 Rd7 39. Bc6 Rc7 40. Bb5 Ra7 41. Kf2
Rc7 42. Kg3 Ra7 43. Re8 Rc7 44. Kf3 Ra7 45. Ke4 Rxa2 46. Re7+ Kg8 47. Kd5 Rf2
48. g7 Nh7 49. Bd7 Rd2+ 50. Ke4 1-0

[Event "FIDE Open World Blitz 2021"]
[Site "Warsaw"]
[Date "2021.12.29"]
[Round "6.4"]
[White "Kravtsiv, Martyn"]
[Black "Puranik, Abhimanyu"]
[Result "1-0"]
[WhiteElo "2616"]
[BlackElo "2604"]
[Annotator "ChessBase"]
[PlyCount "54"]
[EventDate "2021.12.29"]
[EventType "swiss"]
[EventCountry "POL"]
[Tiebreak "Cut1 Buchholz"]
[SourceTitle "playchess.com"]
[Source "ChessBase"]
[SourceQuality "1"]

1. e4 e5 2. Nf3 Nc6 3. Nc3 Nf6 4. a4 Bb4 5. Bd3 d6 6. O-O a6 7. Nd5 Bc5 8. c3
Nxd5 9. exd5 Ne7 10. Bc2 Bg4 11. h3 Bh5 12. d4 exd4 13. cxd4 Ba7 14. Re1 Qd7
15. a5 Bxf3 16. Qxf3 O-O 17. Bg5 Ng6 18. Ba4 Qc8 19. Rad1 h6 20. Be7 Nxe7 21.
Rxe7 b5 22. Bc2 Qd8 23. Rde1 g6 24. Qd3 Rc8 25. R1e6 Kh8 26. Rxg6 f5 27. Rxh6+
Kg8 1-0

[Event "FIDE Open World Blitz 2021"]
[Site "Warsaw"]
[Date "2021.12.29"]
[Round "6.4"]
[White "Heimann, Andreas"]
[Black "Tazbir, Marcin"]
[Result "0-1"]
[WhiteElo "2584"]
[BlackElo "2508"]
[Annotator "ChessBase"]
[PlyCount "128"]
[EventDate "2021.12.29"]
[EventType "swiss"]
[EventCountry "POL"]
[Tiebreak "Cut1 Buchholz"]
[SourceTitle "playchess.com"]
[Source "ChessBase"]
[SourceQuality "1"]

1. e4 c5 2. Nf3 d6 3. d4 Nf6 4. Nc3 cxd4 5. Nxd4 a6 6. f4 e5 7. Nb3 Nbd7 8. g4
h6 9. g5 hxg5 10. fxg5 Nh5 11. Qf3 Nf4 12. Bxf4 exf4 13. Qxf4 Ne5 14. O-O-O Be7
15. h4 Ng6 16. Qg3 Rxh4 17. Rxh4 Bxg5+ 18. Kb1 Bxh4 19. Qh2 Be6 20. Rxd6 Qf6
21. Rd1 Qe5 22. Qh1 Rd8 23. Nd5 Bxd5 24. exd5 Bf6 25. c3 Kf8 26. a3 Nf4 27. Bc4
b5 28. d6 g6 29. Bd3 Rxd6 30. Bc2 Rxd1+ 31. Qxd1 Ne6 32. Ka2 Kg7 33. Qd7 Qc7
34. Qd5 Nf4 35. Qe4 Qd6 36. Qe3 Ne6 37. Be4 Qe5 38. Qd3 Nf4 39. Qf3 Ne6 40. Bd5
Nc7 41. Bb7 Qd6 42. Be4 Qe6 43. Bc2 Nd5 44. Kb1 Nb6 45. Nc5 Qe1+ 46. Ka2 Nc4
47. Ne4 Be7 48. Bb3 Qe3 49. Qg2 Ne5 50. Nd2 Nd3 51. Qd5 Nc1+ 52. Kb1 Nxb3 53.
Nxb3 Qe6 54. Qd1 Qe4+ 55. Ka2 f5 56. Nd4 Qd5+ 57. Kb1 Bf6 58. Qg1 f4 59. Qf2
Qe4+ 60. Ka2 Bxd4 61. cxd4 Qe3 62. Qc2 Qxd4 63. Qc7+ Kh6 64. Qc8 Qc4+ 0-1